Statistics for Sports Rhymes

Click here to take the quiz!

General Stats

  • This quiz has been taken 971 times
    (957 since last reset)
  • The average score is 15 of 21

Answer Stats

HintAnswer% Correct
JockeyHockey
93%
MenaceTennis
92%
ThicketCricket
88%
WishingFishing
88%
SensingFencing
87%
SoloPolo
85%
StoolPool
84%
NestlingWrestling
83%
PeckersCheckers
82%
SkivingDiving
81%
MessChess
76%
BouquetCroquet
74%
TrollingBowling
72%
KnockerSoccer
70%
BabbleScrabble
67%
BoeingRowing
63%
SeeingSkiing
52%
MidgeBridge
44%
DiscRisk
40%
CragTag, Brag
34%
SquattingYachting
10%

Score Distribution

Percentile by Number Answered

Percent of People with Each Score

Your Score History

You have not taken this quiz since the last reset